Guess The Thrash Metal Band By The Song - Statistics

General Stats
  • This quiz has been taken 20 times
  • The average score is 6 of 15
Answer Stats
Hint Answer % Correct
Symphony Of Destruction Megadeth
100%
Whiplash Metallica
88%
Raining Blood Slayer
88%
Among The Living Anthrax
65%
Bonded By Blood Exodus
65%
Riot Of Violence Kreator
41%
Territory Sepultura
35%
Cyco Vision Suicidal Tendencies
29%
Circle Of The Tyrants Celtic Frost
24%
Beneath The Wheel D.R.I
24%
Necromancy Bathory
18%
You're Cut Off Municipal Waste
18%
The Exorcist Possessed
12%
Midnight Queen Sarcofago
12%
Necropolis Holy Moses
0%
No matching quizzes found
Score Distribution
Percent of People with Each Score
Percentile by Number Answered
Your Score History
You have not taken this quiz